000 00498nam a22001697a 4500
005 20251108163344.0
008 250721s1994 xx 000 0 ara d
082 1 4 _a001.64/غري
100 1 _aالغريب، إنتصار نوري
245 1 0 _aأمن الكمبيوتر و القانون /
246 1 1 _aComputer security and law
264 1 _aعمان :
_bمكتبة الراتب العلميه،
_c1994.
300 _a143ص.
650 1 7 _aالحواسيب
942 _2ddc
_cBK
999 _c604
_d604